| 000 | 00597nam a22001697a 4500 | ||
|---|---|---|---|
| 999 |
_c193217 _d193217 |
||
| 005 | 20221018105945.0 | ||
| 010 | _aENG-135470 | ||
| 020 | _c490.00 | ||
| 035 | _aEN-119002 | ||
| 037 | _bDBAD/PUB | ||
| 082 | _a370 | ||
| 245 | _aReading Habits In Changing Scenario & LIS Education: Emerging Paradigm, Challenges and Vision/ | ||
| 260 |
_aKolkata _bIndian Association Of Special Libraries and Information Centre _c2012 |
||
| 270 |
_aP-291, CIT Scheme 6M, Kankurachi _bKolkata _e700054 _k033-23629651 _miaslic@vsnl.net |
||
| 300 |
_a456p. _c24cm(pbk) |
||
| 942 |
_2ddc _cEN _mREA _h370 |
||